[Event "CZE-chT U18 Extraliga final-A 1516"]
[Site "Czech Republic"]
[Date "2016.04.23"]
[Round "10.3"]
[White "Funiok, Richard"]
[Black "Svanda, Ondrej"]
[Result "0-1"]
[WhiteElo "1874"]
[BlackElo "1981"]
[PlyCount "96"]
[EventDate "2015.10.03"]
[EventType "team-tourn"]
[EventRounds "11"]
[EventCountry "CZE"]
[SourceTitle "EXT 2022"]
[Source "ChessBase"]
[SourceDate "2021.10.06"]
[SourceVersion "1"]
[SourceVersionDate "2021.10.06"]
[SourceQuality "1"]
[WhiteTeam "Stare Mesto U18"]
[BlackTeam "Policka Stefanydes U18"]
[WhiteTeamCountry "CZE"]
[BlackTeamCountry "CZE"]

1. e4 c5 2. c4 Nc6 3. Nf3 e5 4. Nc3 Nge7 5. d3 d6 6. Bd2 g6 7. Nd5 Bg7 8. h3 0-0 9. a3 Nxd5 10. cxd5 Ne7 11. b4 b6 12. bxc5 bxc5 13. Rb1 f5 14. Be2 h6 15. Qa4 Bd7 16. Qa5 Qc8 17. Bc3 Rb8 18. Kd2 c4 19. Qxa7 Ra8 20. Qb7 Qe8 21. Bb4 cxd3 22. Bxd3 fxe4 23. Bxe4 Bf5 24. Bxf5 Nxf5 25. Qc6 Qxc6 26. dxc6 e4 27. g4 Ne7 28. Bxd6 Rfd8 29. c7 Rxd6+ 30. Ke2 exf3+ 31. Kxf3 Rxa3+ 32. Kg2 Rc3 33. Rb8+ Kf7 34. Rd8 Rdc6 35. Re1 Rxc7 36. Rd6 R3c6 37. Rd3 g5 38. Ree3 Re6 39. Rf3+ Rf6 40. Rfe3 Rc2 41. Rf3 Rxf3 42. Rxf3+ Bf6 43. Rd3 Ng6 44. Rd7+ Be7 45. Rb7 Nf4+ 46. Kg3 Rc3+ 47. f3 Rc2 48. h4 Rg2# 0-1

[Event "CZE-chT U18 Extraliga Ost 1516"]
[Site "Czech Republic"]
[Date "2016.01.23"]
[Round "6.3"]
[White "Novak, Jan2222"]
[Black "Funiok, Richard"]
[Result "0-1"]
[WhiteElo "1525"]
[BlackElo "1874"]
[PlyCount "46"]
[EventDate "2015.10.03"]
[EventType "team-tourn"]
[EventRounds "11"]
[EventCountry "CZE"]
[SourceTitle "EXT 2022"]
[Source "ChessBase"]
[SourceDate "2021.10.06"]
[SourceVersion "1"]
[SourceVersionDate "2021.10.06"]
[SourceQuality "1"]
[WhiteTeam "Orlova Slavia U18 II"]
[BlackTeam "Stare Mesto U18"]
[WhiteTeamCountry "CZE"]
[BlackTeamCountry "CZE"]

1. e4 e6 2. d4 d5 3. e5 c5 4. c3 Qb6 5. Nf3 Bd7 6. Be2 Bb5 7. 0-0 Nc6 8. Bxb5 Qxb5 9. a3 a5 10. Qc2 Nh6 11. Bxh6 gxh6 12. Rd1 Bg7 13. a4 Qb6 14. Na3 0-0 15. Nb5 f6 16. exf6 Rxf6 17. Qe2 Raf8 18. Rd2 Kh8 19. Qe3 c4 20. Rf1 Qd8 21. h3 Qd7 22. Nh2 Rf4 23. g3 Re4 0-1

[Event "Havirov op 14th"]
[Site "Havirov"]
[Date "2013.08.31"]
[Round "8"]
[White "Vizner, Jaroslav"]
[Black "Funiok, Richard"]
[Result "1/2-1/2"]
[WhiteElo "1957"]
[BlackElo "1660"]
[PlyCount "73"]
[EventDate "2013.08.24"]
[EventType "swiss"]
[EventRounds "9"]
[EventCountry "CZE"]
[SourceTitle "CBM 156 Extra"]
[Source "ChessBase"]
[SourceDate "2013.10.22"]
[SourceVersion "1"]
[SourceVersionDate "2013.10.22"]
[SourceQuality "1"]

1. e4 e5 2. Nf3 Nc6 3. d4 exd4 4. c3 dxc3 5. Nxc3 Bb4 6. Bc4 h6 7. 0-0 Bxc3 8. bxc3 Nge7 9. Bb2 d6 10. Nd4 Bd7 11. f4 Na5 12. Bxf7+ Kxf7 13. Qh5+ g6 14. Qxa5 c5 15. Qxd8 Rhxd8 16. Nf3 Bb5 17. Rfe1 a5 18. Rad1 Bc4 19. Ba3 b5 20. e5 b4 21. exd6 Nc6 22. Bb2 Bxa2 23. Ne5+ Nxe5 24. fxe5 Ke6 25. Rf1 Rf8 26. Rxf8 Rxf8 27. h4 a4 28. cxb4 cxb4 29. Bc1 Kxe5 30. Bxh6 Rd8 31. Kf2 a3 32. d7 Ke6 33. Re1+ Kxd7 34. Rd1+ Kc8 35. Rxd8+ Kxd8 36. Bf8 b3 37. Bxa3 1/2-1/2

[Event "Havirov op 14th"]
[Site "Havirov"]
[Date "2013.08.26"]
[Round "3"]
[White "Funiok, Richard"]
[Black "Pilch, David"]
[Result "1/2-1/2"]
[WhiteElo "1660"]
[BlackElo "1624"]
[PlyCount "114"]
[EventDate "2013.08.24"]
[EventType "swiss"]
[EventRounds "9"]
[EventCountry "CZE"]
[SourceTitle "CBM 156 Extra"]
[Source "ChessBase"]
[SourceDate "2013.10.22"]
[SourceVersion "1"]
[SourceVersionDate "2013.10.22"]
[SourceQuality "1"]

1. e4 e6 2. d4 d5 3. exd5 exd5 4. c4 Nf6 5. Bg5 Be7 6. Nc3 Be6 7. Qb3 b6 8. Nf3 dxc4 9. Bxc4 Bxc4 10. Qxc4 0-0 11. 0-0-0 a6 12. Rhe1 b5 13. Qe2 Re8 14. Bxf6 gxf6 15. Qe4 Nd7 16. Qf5 Bb4 17. Rxe8+ Qxe8 18. Re1 Qd8 19. Re4 Bxc3 20. bxc3 Kh8 21. Rh4 Nf8 22. Nd2 Ng6 23. Rh3 b4 24. Ne4 Kg7 25. Nxf6 h6 26. Nh5+ Kg8 27. Nf4 Qe8 28. Re3 Qc6 29. Nxg6 fxg6 30. Qe6+ Qxe6 31. Rxe6 Kf7 32. Rc6 bxc3 33. Rxc7+ Ke6 34. Rxc3 Kd5 35. Rd3 Kc4 36. Kd2 Kd5 37. a3 Rf8 38. f3 g5 39. h3 a5 40. Kc3 Rb8 41. Re3 a4 42. Re5+ Kd6 43. Kc4 Rb3 44. Rb5 Rxa3 45. Rb6+ Kd7 46. Rxh6 Ra2 47. g3 Rg2 48. Rh7+ Kd6 49. Rh6+ Kd7 50. g4 Rg3 51. Kb4 Rxf3 52. Kxa4 Rd3 53. Kb5 Rxd4 54. Kc5 Rf4 55. Kd5 Ke7 56. Ke5 Kf7 57. Rh5 Kg6 1/2-1/2

[Event "Havirov op 14th"]
[Site "Havirov"]
[Date "2013.08.24"]
[Round "1"]
[White "Splichal, Stanislav"]
[Black "Funiok, Richard"]
[Result "1-0"]
[WhiteElo "2115"]
[BlackElo "1660"]
[PlyCount "53"]
[EventDate "2013.08.24"]
[EventType "swiss"]
[EventRounds "9"]
[EventCountry "CZE"]
[SourceTitle "CBM 156 Extra"]
[Source "ChessBase"]
[SourceDate "2013.10.22"]
[SourceVersion "1"]
[SourceVersionDate "2013.10.22"]
[SourceQuality "1"]

1. c4 c5 2. g3 Nf6 3. Bg2 Nc6 4. Nc3 e6 5. e4 e5 6. Nge2 d6 7. 0-0 Be7 8. d3 h6 9. f4 0-0 10. h3 Bd7 11. g4 Qc8 12. Ng3 Nd4 13. Nf5 Nxf5 14. exf5 Bc6 15. Bxc6 bxc6 16. g5 Qxf5 17. gxf6 Qxh3 18. Qf3 Qxf3 19. Rxf3 Bxf6 20. Ne4 Rfd8 21. Nxf6+ gxf6 22. fxe5 fxe5 23. Bxh6 Kh7 24. Be3 Kg6 25. Raf1 Rf8 26. Rf6+ Kh5 27. R1f5+ 1-0